ბათუმის შოთა რუსთაველის სახელმწიფო უნივერსიტეტის ბიბლიოთეკა

საუზმე ტიფანებთან (ბიბ.ჩანაწერი № 35472)

000 -LEADER
fixed length control field 00749nam a2200217Ia 4500
001 - CONTROL NUMBER
control field 1331
003 - CONTROL NUMBER IDENTIFIER
control field GE_BSU
008 - FIXED-LENGTH DATA ELEMENTS--GENERAL INFORMATION
fixed length control field 181216s||||||||xx |||||||||||||| ||und||
040 ## - CATALOGING SOURCE
Transcribing agency GE_BSU
080 ## - UNIVERSAL DECIMAL CLASSIFICATION NUMBER
Universal Decimal Classification number 821.111
100 ## - MAIN ENTRY--PERSONAL NAME
Personal name ქეფოთი, თრუმენ
245 ## - TITLE STATEMENT
Title საუზმე ტიფანებთან
245 ## - TITLE STATEMENT
Statement of responsibility, etc. მთ.ბერიძე ხათუნა
260 ## - PUBLICATION, DISTRIBUTION, ETC.
Place of publication, distribution, etc. ბათუმი
260 ## - PUBLICATION, DISTRIBUTION, ETC.
Name of publisher, distributor, etc. შოთა რუსთაველის სახელმწიფო უნივერსიტეტი
260 ## - PUBLICATION, DISTRIBUTION, ETC.
Date of publication, distribution, etc. 2008
300 ## - PHYSICAL DESCRIPTION
Extent 156 გვ. 20სმ.
653 ## - INDEX TERM--UNCONTROLLED
Uncontrolled term ინგლისური ლიტერატურა (ქართულ ენაზე)
942 ## - ADDED ENTRY ELEMENTS (KOHA)
Koha item type წიგნი
ეგზემპლარები
Withdrawn status Lost status Damaged status Not for loan Date acquired Barcode Date last seen Price effective from Koha item type Public note
        2018-12-17 2967 2018-12-17 2018-12-17 წიგნი საცავი
        2018-12-17 2966 2018-12-17 2018-12-17 წიგნი საცავი
        2018-12-17 2965 2018-12-17 2018-12-17 წიგნი საცავი
        2018-12-17 2964 2018-12-17 2018-12-17 წიგნი საცავი
        2018-12-17 2963 2018-12-17 2018-12-17 წიგნი საცავი
        2018-12-17 2962 2018-12-17 2018-12-17 წიგნი საცავი
        2018-12-17 2961 2018-12-17 2018-12-17 წიგნი საცავი
        2018-12-17 2960 2018-12-17 2018-12-17 წიგნი საცავი
        2018-12-17 2959 2018-12-17 2018-12-17 წიგნი საცავი
        2018-12-17 2958 2018-12-17 2018-12-17 წიგნი საცავი